ბათუმის შოთა რუსთაველის სახელმწიფო უნივერსიტეტის ბიბლიოთეკა

Эллинизм и его историческая роль / (ბიბ.ჩანაწერი № 61208)

000 -LEADER
fixed length control field 00693nam a22001577a 4500
005 - DATE AND TIME OF LATEST TRANSACTION
control field 20240108145241.0
008 - FIXED-LENGTH DATA ELEMENTS--GENERAL INFORMATION
fixed length control field 240108s1950 ru ||||| |||| 00| 0 rus d
041 ## - LANGUAGE CODE
Language code of text/sound track or separate title rus
080 ## - UNIVERSAL DECIMAL CLASSIFICATION NUMBER
Universal Decimal Classification number 008(38)+94(38) P-22
100 ## - MAIN ENTRY--PERSONAL NAME
Personal name Ранович, A. Б.
9 (RLIN) 20956
245 ## - TITLE STATEMENT
Title Эллинизм и его историческая роль /
Statement of responsibility, etc. А.Б. Ранович; Академия Наук СССР, Институт истории.
264 ## - PRODUCTION, PUBLICATION, DISTRIBUTION, MANUFACTURE, AND COPYRIGHT NOTICE
Place of production, publication, distribution, manufacture Москва - Ленинград :
Name of producer, publisher, distributor, manufacturer Изд-во Академии Наук СССР,
Date of production, publication, distribution, manufacture, or copyright notice 1950.
300 ## - PHYSICAL DESCRIPTION
Extent 382 с.;
Other physical details 22 см.
653 ## - INDEX TERM--UNCONTROLLED
keyword ელინიზმი და მისი ისტორიული როლი
942 ## - ADDED ENTRY ELEMENTS (KOHA)
Source of classification or shelving scheme
Koha item type წიგნი
ეგზემპლარები
Withdrawn status Lost status Source of classification or shelving scheme Damaged status Not for loan Permanent Location Current Location Shelving location Date acquired Cost, normal purchase price Full call number Barcode Date last seen Copy number Uniform Resource Identifier Price effective from Koha item type Public note
          ბათუმის შოთა რუსთაველის სახელმწიფო უნივერსიტეტის მთავარი ბიბლიოთეკა ბათუმის შოთა რუსთაველის სახელმწიფო უნივერსიტეტის მთავარი ბიბლიოთეკა წიგნსაცავი 2024-01-08 7.00 008(38)+94(38) P-22 65718 2024-01-08 65718 ბსუ-ს საპატიო დოქტორის გურამ ლორთქიფანიძის საჩუქარი 2024-01-08 წიგნი 7 ლ.